000 01016namaa22002417i 4500
001 174360
003 ES-MaACL
005 20250815105713.0
008 100407s1930 sp |||| | spa d
080 _a597.556.33(460)
080 _a597.556.33(64)
100 1 _aLozano y Rey, Luis.
_974475
245 1 5 _aLos "dentex" de España y del Marruecos español /
_cpor Luis Lozano Rey.
260 _aMadrid :
_bJunta para Ampliación de Estudios e Investigaciones Científicas,
_c1930 (
_fJ. Molina, imp.)
300 _a24 p., II h. de lám. :
_bil. ;
_c23 cm.
490 1 _aTrabajos del Museo Nacional de Ciencias Naturales. Serie Zoológica ;
_v55
650 4 _aEspáridos-
_zEspaña.
_9142465
650 4 _aEspáridos-
_zMarruecos.
_9142466
710 2 _aJunta para la Ampliación de Estudios e Investigaciones Científicas.
_95413
830 0 0 _aTrabajos del Museo Nacional de Ciencias Naturales.
_pSerie zoológica
_v55
_9189348
852 _aES-MaACL
_jB-13155(2)
_z.- Rúst.
999 _c174360
_d174360